header

Proselytization revisited (Record no. 205397)

MARC details
000 -LEADER
fixed length control field 01324nam a2200349 a 4500
082 04 - DEWEY DECIMAL CLASSIFICATION NUMBER
Classification number 207/.2
245 00 - TITLE STATEMENT
Title Proselytization revisited
260 ## - PUBLICATION, DISTRIBUTION, ETC. (IMPRINT)
Place of publication London ;
-- Oakville, CT :
Name of publisher Equinox Pub.,
Year of publication 2008.
300 ## - PHYSICAL DESCRIPTION
Number of Pages xiv, 480 p. :
Other physical details ill.
650 #0 - SUBJECT ADDED ENTRY--TOPICAL TERM
Topical Term Proselytizing.
700 1# - ADDED ENTRY--PERSONAL NAME
Personal name Hackett, Rosalind I. J.
856 40 - ELECTRONIC LOCATION AND ACCESS
Uniform Resource Identifier http://site.ebrary.com/lib/rucke/Doc?id=10386845

No items available.

© 2026 Rongo University
Contact us: librarian | system librarian | Rongo university